<?xml version="1.0" encoding="UTF-8"?><?xml-stylesheet type="text/xsl" href="static/style.xsl"?><OAI-PMH xmlns="http://www.openarchives.org/OAI/2.0/" xmlns:xsi="http://www.w3.org/2001/XMLSchema-instance" xsi:schemaLocation="http://www.openarchives.org/OAI/2.0/ http://www.openarchives.org/OAI/2.0/OAI-PMH.xsd"><responseDate>2026-06-06T04:58:57Z</responseDate><request verb="GetRecord" identifier="oai:riuma.uma.es:10630/24979" metadataPrefix="marc">https://riuma.uma.es/rest/oai/request</request><GetRecord><record><header><identifier>oai:riuma.uma.es:10630/24979</identifier><datestamp>2026-02-03T11:23:23Z</datestamp><setSpec>com_10630_2254</setSpec><setSpec>col_10630_37953</setSpec></header><metadata><record xmlns="http://www.loc.gov/MARC21/slim" xmlns:dcterms="http://purl.org/dc/terms/" xmlns:doc="http://www.lyncode.com/xoai" xmlns:xsi="http://www.w3.org/2001/XMLSchema-instance" xsi:schemaLocation="http://www.loc.gov/MARC21/slim http://www.loc.gov/standards/marcxml/schema/MARC21slim.xsd">
   <leader>00925njm 22002777a 4500</leader>
   <datafield ind2=" " ind1=" " tag="042">
      <subfield code="a">dc</subfield>
   </datafield>
   <datafield ind2=" " ind1=" " tag="720">
      <subfield code="a">Morillas-España, Ainoa</subfield>
      <subfield code="e">author</subfield>
   </datafield>
   <datafield ind2=" " ind1=" " tag="720">
      <subfield code="a">Bermejo, Ruperto</subfield>
      <subfield code="e">author</subfield>
   </datafield>
   <datafield ind2=" " ind1=" " tag="720">
      <subfield code="a">Abdala-Díaz, Roberto Teófilo</subfield>
      <subfield code="e">author</subfield>
   </datafield>
   <datafield ind2=" " ind1=" " tag="720">
      <subfield code="a">Ruiz, Ángela</subfield>
      <subfield code="e">author</subfield>
   </datafield>
   <datafield ind2=" " ind1=" " tag="720">
      <subfield code="a">Lafarga, Tomás</subfield>
      <subfield code="e">author</subfield>
   </datafield>
   <datafield ind2=" " ind1=" " tag="720">
      <subfield code="a">Acién-Fernández, Francisco Gabriel</subfield>
      <subfield code="e">author</subfield>
   </datafield>
   <datafield ind2=" " ind1=" " tag="720">
      <subfield code="a">Fernández-Sevilla, José María</subfield>
      <subfield code="e">author</subfield>
   </datafield>
   <datafield ind2=" " ind1=" " tag="260">
      <subfield code="c">2022-08-22</subfield>
   </datafield>
   <datafield ind2=" " ind1=" " tag="520">
      <subfield code="a">In this study, a biorefinery based on Oscillatoria sp. is developed to produce high-value compounds such as C-phycocyanin, used in food colourant applications, and biostimulants, used in agriculture-related applications. First, the Oscillatoria biomass production was optimized at a pilot scale in an open raceway reactor, with biomass productivities equivalent to 52 t/ha·year being achieved using regular fertilizers as the nutrient source. The biomass produced contained 0.5% C-phycocyanins, 95% of which were obtained after freeze–thawing and extraction at pH 6.5 and ionic strength (FI) 100 mM, with a purity ratio of 0.71 achieved in the final extract. This purity ratio allows for use of the extract directly as a food colourant. Then, the extract’s colourant capacity on different beverages was evaluated. The results confirm that C-phycocyanin concentrations ranging from 22 to 106 mg/L produce colours similar to commercial products, thus avoiding the need for synthetic colourants. The colour remained stable for up to 12 days. Moreover, the safety of the extracted C-phycocyanin was confirmed through toxicity tests. The waste biomass was evaluated for use as a biostimulant, with the results confirming a relevant auxin-like positive effect. Finally, an economic analysis was conducted to evaluate different scenarios. The results confirm that the production of both C-phycocyanin and biostimulants is the best scenario from an economic standpoint. Therefore, the developed biomass processing scheme provides an opportunity to expand the range of commercial applications for microalgae-related processes.</subfield>
   </datafield>
   <datafield ind1="8" ind2=" " tag="024">
      <subfield code="a">Morillas-España A, Bermejo R, Abdala-Díaz R, Ruiz Á, Lafarga T, Acién G, Fernández-Sevilla JM. Biorefinery Approach Applied to the Production of Food Colourants and Biostimulants from Oscillatoria sp. Biology. 2022; 11(9):1278. https://doi.org/10.3390/biology11091278</subfield>
   </datafield>
   <datafield ind1="8" ind2=" " tag="024">
      <subfield code="a">https://hdl.handle.net/10630/24979</subfield>
   </datafield>
   <datafield ind1="8" ind2=" " tag="024">
      <subfield code="a">https://doi.org/10.3390/biology11091278</subfield>
   </datafield>
   <datafield tag="653" ind2=" " ind1=" ">
      <subfield code="a">Microalgas</subfield>
   </datafield>
   <datafield ind2="0" ind1="0" tag="245">
      <subfield code="a">Biorefinery Approach Applied to the Production of Food Colourants and Biostimulants from Oscillatoria sp</subfield>
   </datafield>
</record>
</metadata></record></GetRecord></OAI-PMH>